Szczegóły MARC21

Programmieren in C : mit dem C-Reference Manual id deutscher Sprache /

003 -Nazwa inst., której nr kontr. jest w polu 001 [,]
    • @
    • Nazwa instytucji, której n kontrolny jest w polu 001
    • NUKAT
005 -DATA I CZAS OSTATNIEJ MODYFIKACJI [,]
    • @
    • pole kontrolne
    • 20260403171154.0
020 -Międzynarod. znormalizowany nr książki - ISBN [ , ]
    • a
    • Numer ISBN
    • 013110330X Find
    • q
    • Dopowiedzenie
    • Prentice-Hall
020 -Międzynarod. znormalizowany nr książki - ISBN [ , ]
    • a
    • Numer ISBN
    • 3446154973 Find
    • q
    • Dopowiedzenie
    • Hanser
040 -Instytucja sporządzająca opis [ , ]
    • a
    • Instytucja, która sporządziła opis (NP)
    • SZCZ U/JS
    • c
    • Instytucja, która sporządziła rekord (NP)
    • SZCZ U/JSs
041 -Język dokumentu [1, ]
    • a
    • Język tekstu (P)
    • niemiecki
    • h
    • Język tekstu oryginalnego i/lub pośredniego (P)
    • angielski
044 -Kraj miejsca wydania [ , ]
    • a
    • Kraj miejsca wydania
    • Niemcy
    • a
    • Kraj miejsca wydania
    • Wielka Brytania po 1988
    • a
    • Kraj miejsca wydania
    • Austria
942 -Rodzaj dokumentu [ , ]
    • c
    • Rodzaj dokumentu
    • Książka
100 -Hasło główne - nazwa osobowa [1, ]
    • a
    • Nazwa osobowa (NP)
    • Kernighan, Brian W.
    • d
    • Daty biograficzne (NP)
    • (1942- ).
    • 9
    • KHW
    • 95477
240 -Tytuł ujednolicony [1,0]
    • a
    • Tytuł ujednolicony
    • C programming language
    • l
    • Język tekstu
    • (niem.)
    • 9
    • KHW
    • 411111
245 -Strefa tytułu i oznaczenia odpowiedzialności [1,0]
    • a
    • Tytuł
    • Programmieren in C : Find
    • b
    • Ciąg dalszy tytułu (NP)
    • mit dem C-Reference Manual id deutscher Sprache / Find
    • c
    • Pozostałe elementy strefy tytułu i oznaczenia odpowiedzialności (NP)
    • Brian W. Kernighan, Dennis M. Ritchie ; die deutsche Ausgabe besorgten A. T. Schreiner und Ernst Janich.
250 -Strefa wydania [ , ]
    • a
    • Oznaczenie wydania (NP)
    • 2 Ausg. ANSI C.
260 -Strefa adresu wydawniczego [ , ]
    • a
    • Miejsce wydania (P)
    • München ;
    • a
    • Miejsce wydania (P)
    • Wien :
    • b
    • Nazwa wydawcy (P)
    • Verlage Carl Hanser ;
    • a
    • Miejsce wydania (P)
    • London :
    • b
    • Nazwa wydawcy (P)
    • Prentice-Hall International,
    • c
    • Data wydania (P)
    • 1990.
300 -Strefa opisu fizycznego [ , ]
    • a
    • Określenie formy książki i/lub objętość (NP)
    • XV, 279 s. :
    • b
    • Oznaczenie ilustracji (NP)
    • il. ;
    • c
    • Format (NP)
    • 23 cm.
336 -Typ zawartości [ , ]
    • a
    • Termin opisujący typ zawartości
    • Tekst
    • b
    • Kod określający zawartość
    • txt
    • 2
    • Źródło (terminu i kodu)
    • rdacontent
337 -Typ mediów [ , ]
    • a
    • Tryb odtwarzania
    • Bez urządzenia pośredniczącego
    • b
    • Kod typu mediów
    • n
    • 2
    • Źródło (terminu i kodu)
    • rdamedia
338 -Typ/rodzaj nośnika [ , ]
    • a
    • Hasło opisujące typ nośnika
    • Wolumin
    • b
    • Kod typu nośnika
    • nc
    • 2
    • Źródło (terminu i kodu)
    • rdacarrier
490 -Strefa serii i książki wielotomowej - forma nie do wyszukiwania [1, ]
    • a
    • Tytuł (P)
    • PC Professionell Find
830 -Hasło dodatkowe serii i opisu książki wielotomowej - tytuł ujednolicony/tytuł [ ,0]
    • a
    • Tytuł ujednolicony/tytuł (NP)
    • PC Professionell
    • 9
    • KHW
    • 411110
504 -Uwaga dot. bibliogr. załącznikowej [ , ]
    • a
    • Uwaga dot. bibliografii załącznikowej
    • Indeks.
650 -Hasło przedmiotowe [ ,7]
    • a
    • Hasło przedmiotowe
    • C (język programowania).
    • 2
    • Źródło terminu
    • kaba
    • 9
    • KHW
    • 104205
700 -Hasło dodatkowe - nazwa osobowa [1, ]
    • a
    • Nazwa osobowa (NP)
    • Ritchie, Dennis M. Find
    • d
    • Daty biograficzne (NP)
    • (1941-2011).
    • 9
    • KHW
    • 95476
700 -Hasło dodatkowe - nazwa osobowa [1, ]
    • a
    • Nazwa osobowa (NP)
    • Schreiner, Axel-Tobias. Find
    • e
    • Określenie rodzaju współpracy
    • Red.
    • 9
    • KHW
    • 411107
700 -Hasło dodatkowe - nazwa osobowa [1, ]
    • a
    • Nazwa osobowa (NP)
    • Janich, Ernst. Find
    • e
    • Określenie rodzaju współpracy
    • Red.
    • 9
    • KHW
    • 411109
710 -Hasło dodatkowe - nazwa ciała zbiorowego [2, ]
    • a
    • Nazwa ciała zbiorowego lub nazwa geograficzna jako pierwszy element (NP)
    • Prentice Hall International.
    • 4
    • Kod relacji
    • pbl
    • 9
    • KHW
    • 92950
710 -Hasło dodatkowe - nazwa ciała zbiorowego [2, ]
    • a
    • Nazwa ciała zbiorowego lub nazwa geograficzna jako pierwszy element (NP)
    • Carl Hanser Verlag.
    • 4
    • Kod relacji
    • pbl
    • 9
    • KHW
    • 59431
920 -ISBN [ , ]
    • a
    • ISBN
    • 3-446-15497-3 Find
    • q
    • Dopowiedzenie
    • Hanser
920 -ISBN [ , ]
    • a
    • ISBN
    • 0-13-110330-X Find
    • q
    • Dopowiedzenie
    • Prentice-Hall
Numer inwentarzowy Sygnatura Status udost. Lokalizacja Data inwentaryzacji
S.78121FUNDACJA POLSKO-NIEMIECKA-6BE1996-01-04
S.78122FUNDACJA POLSKO-NIEMIECKA-6BE1996-01-04
S.78123 -2BE1996-01-04
S.83165FUNDACJA POLSKO-NIEMIECKA2BE1998-12-10
S.83166FUNDACJA POLSKO-NIEMIECKA2BE1998-12-10
S.78124FUNDACJA POLSKO-NIEMIECKA2BE1996-01-04
S.78125FUNDACJA POLSKO-NIEMIECKA2BE1996-01-04
S.78126FUNDACJA POLSKO-NIEMIECKA2BE1996-01-04
S.78127FUNDACJA POLSKO-NIEMIECKA2BE1996-01-04
S.78128FUNDACJA POLSKO-NIEMIECKA2BE1996-01-04
S.78129FUNDACJA POLSKO-NIEMIECKA2BE1996-01-04
S.78130FUNDACJA POLSKO-NIEMIECKA2BE1996-01-04
E.63375 1BE
S.83164 2BE1998-12-10